Compêndio de matemática: 11º ano

Gespeichert in:
Bibliographische Detailangaben
1. Verfasser: Anjos, Alfredo Osório dos
Weitere Verfasser: Garcia, Maria Madalena Ruivo, António Fernando
Format: keine Angabe
Sprache:Portugiesisch
Erschienen: Porto Porto Editora 1984-
Ausgabe:1ª ed
Katalog:MANES:  Suchergebnis im Bibliothekskatalog
Schulbuchspezifische Eigenschaften:
Tags: Tag hinzufügen
Keine Tags, Fügen Sie den ersten Tag hinzu!
Hinzugefügt zu:26.04.2016
Geändert in:25.04.2025

MARC

LEADER 000000000a22000000004500
001 27092
003 OSt
005 20250425111424.0
008 160427s pt ||||| |||| 00| 0 por d
040 |c centro_manes 
041 1 |a por 
100 1 |a Anjos, Alfredo Osório dos  |9 15421 
245 0 0 |a Compêndio de matemática: 11º ano 
250 |a 1ª ed 
260 3 |a Porto  |b Porto Editora  |c 1984- 
300 |a v.;  |c 24 cm 
561 |5 pt-BNP  |a Portugal. Biblioteca Nacional de Portugal  |k MANES 
690 0 |a MATE 
691 |a SE 
700 1 |a Garcia, Maria Madalena  |9 15424  |a Ruivo, António Fernando  |9 15425 
942 |2 ddc  |c BK 
546 |a Portugal 
999 |c 28554  |d 28554 
999 |c manes:28554  |d 28554